[Event "54th Rubinstein Memorial-A 2018"]
[Site "Polanica-Zdroj"]
[Date "2018.08.20"]
[Round "3"]
[White "Psyk, Radoslaw"]
[Black "Vanduyfhuys, Daria"]
[Result "1-0"]
[WhiteElo "2304"]
[BlackElo "1878"]
[Annotator "NA"]
[PlyCount "83"]
[EventDate "2018.08.18"]
[EventType "swiss"]
[EventCountry "POL"]
[SourceTitle "playchess.com"]
[Source "ChessBase"]
[SourceQuality "1"]
[TimeControl "40/5400+30:1800+30"]

1. e4 {[%emt 0:00:00]} c5 {[%emt 0:00:00]} 2. Nf3 {[%emt 0:00:00]} Nc6 {[%emt 0:00:00]} 3. d4 {[%emt 0:00:16]} cxd4 {[%emt 0:00:00]} 4. Nxd4 {[%emt 0:00:04]} e5 {[%emt 0:00:07]} 5. Nb5 {[%emt 0:00:26]} d6 $11 {[%emt 0:00:14] LiveBook: 4715 Games} 6. N1c3 {[%emt 0:00:19]} a6 {[%emt 0:00:10]} 7. Na3 {[%emt 0:00:26]} Be7 {[%emt 0:00:36]} 8. Nc4 {[%emt 0:02:12]} b5 {[%emt 0:00:26]} 9. Ne3 {[%emt 0:00:09]} Nf6 {[%emt 0:00:22]} 10. g3 {[%emt 0:02:57]} O-O {[%emt 0:01:10]} 11. Bg2 {[%emt 0:00:25]} Be6 {[%emt 0:00:27]} 12. O-O {[%emt 0:00:34]} Qd7 {[%emt 0:01:18]} 13. Ncd5 {[%emt 0:04:24]} Bd8 {[%emt 0:01:19]} 14. c3 {[%emt 0:09:10]} Bxd5 {[%emt 0:06:52]} 15. Nxd5 {[%emt 0:10:19]} Nxd5 {[%emt 0:02:09]} 16. Qxd5 {[%emt 0:05:12]} Bb6 {[%emt 0:02:23]} 17. Kh1 {[%emt 0:09:38]} Ne7 {[%emt 0:12:26]} 18. Qd3 {[%emt 0:03:43]} Rac8 {[%emt 0:11:06]} 19. f4 {[%emt 0:03:11]} Rfd8 {[%emt 0:07:03]} 20. fxe5 {[%emt 0:03:04]} Qe6 {[%emt 0:17:35]} 21. exd6 {[%emt 0:00:48]} Rxd6 {[%emt 0:00:10]} 22. Qe2 {[%emt 0:04:43]} Ng6 {[%emt 0:03:01]} 23. a4 {[%emt 0:05:40]} Qb3 {[%emt 0:07:07]} 24. axb5 {[%emt 0:02:21]} axb5 {[%emt 0:01:10]} 25. Ra6 {[%emt 0:07:34]} Bc5 {[%emt 0:15:48]} 26. Rxd6 {[%emt 0:03:17]} Bxd6 {[%emt 0:00:05]} 27. Qd1 {[%emt 0:07:45]} Qe6 {[%emt 0:02:49]} 28. Qd5 {[%emt 0:04:14]} Bc5 {[%emt 0:03:48]} 29. Qb7 {[%emt 0:01:59]} Ne5 {[%emt 0:03:35]} 30. Qxb5 {[%emt 0:01:11]} Ng4 {[%emt 0:00:29]} 31. Qe2 {[%emt 0:00:30]} Rd8 {[%emt 0:00:39]} 32. Bf4 {[%emt 0:03:28]} Nf2+ {[%emt 0:00:32]} 33. Rxf2 {[%emt 0:00:23]} Bxf2 {[%emt 0:00:05]} 34. Qxf2 {[%emt 0:00:11]} Rd1+ {[%emt 0:00:23]} 35. Bf1 {[%emt 0:00:02]} Qxe4+ {[%emt 0:00:34]} 36. Kg1 {[%emt 0:00:01]} h6 {[%emt 0:00:55]} 37. b4 {[%emt 0:01:40]} Rb1 {[%emt 0:00:27]} 38. Be3 {[%emt 0:02:50]} Qc6 {[%emt 0:00:41]} 39. Bd4 {[%emt 0:00:13]} Kf8 {[%emt 0:00:42]} 40. Qf5 {[%emt 0:00:00]} Rc1 {[%emt 0:00:00]} 41. b5 {[%emt 0:09:38]} Qb7 {[%emt 0:02:15]} 42. b6 {[%emt 0:00:46]} 1-0

[Event "54th Rubinstein Memorial-A 2018"]
[Site "Polanica-Zdroj"]
[Date "2018.08.20"]
[Round "3"]
[White "Okrucinski, Tadeusz"]
[Black "Ochmann, Reimund"]
[Result "1-0"]
[WhiteElo "2182"]
[BlackElo "2009"]
[Annotator "NA"]
[PlyCount "115"]
[EventDate "2018.08.18"]
[EventType "swiss"]
[EventCountry "POL"]
[SourceTitle "playchess.com"]
[Source "ChessBase"]
[SourceQuality "1"]
[TimeControl "40/5400+30:1800+30"]

1. d4 {[%emt 0:00:00]} d5 {[%emt 0:00:00]} 2. c4 {[%emt 0:00:00]} c6 {[%emt 0:00:08]} 3. Nf3 {[%emt 0:01:30]} Nf6 {[%emt 0:00:38]} 4. Nc3 {[%emt 0:03:18]} dxc4 {[%emt 0:00:48]} 5. g3 {[%emt 0:05:36]} e6 {[%emt 0:01:52]} 6. e4 {[%emt 0:02:05]} b5 {[%emt 0:00:37]} 7. e5 {[%emt 0:00:12]} Nd5 {[%emt 0:00:21]} 8. Ng5 {[%emt 0:00:12]} Be7 {[%emt 0:01:11]} 9. Nge4 {[%emt 0:04:40]} Nd7 {[%emt 0:01:52]} 10. Bg2 {[%emt 0:00:03]} Rb8 {[%emt 0:01:04]} 11. O-O {[%emt 0:00:43]} O-O {[%emt 0:00:13]} 12. h4 {[%emt 0:00:16]} c5 {[%emt 0:01:28]} 13. Nxd5 {[%emt 0:17:54]} exd5 {[%emt 0:00:11]} 14. Nc3 {[%emt 0:00:01]} b4 {[%emt 0:02:19]} 15. Nxd5 {[%emt 0:00:23]} Nb6 {[%emt 0:01:08]} 16. Nxb6 {[%emt 0:08:50]} Qxb6 {[%emt 0:02:27]} 17. d5 {[%emt 0:00:12]} Rd8 {[%emt 0:05:04]} 18. d6 {[%emt 0:09:18]} Be6 {[%emt 0:00:35]} 19. Bf4 {[%emt 0:08:47]} Bf8 {[%emt 0:02:26]} 20. Bd5 {[%emt 0:00:43]} b3 {[%emt 0:01:11]} 21. Bxe6 {[%emt 0:05:40]} fxe6 {[%emt 0:00:17]} 22. Bg5 {[%emt 0:05:28]} Rd7 {[%emt 0:01:18]} 23. Qg4 {[%emt 0:00:14]} Re8 {[%emt 0:00:44]} 24. Qxc4 {[%emt 0:00:14]} bxa2 {[%emt 0:01:24]} 25. Rxa2 {[%emt 0:00:35]} Qc6 {[%emt 0:01:45]} 26. Be3 {[%emt 0:03:23]} Qd5 {[%emt 0:00:19]} 27. Qa4 {[%emt 0:06:05]} Red8 {[%emt 0:01:05]} 28. Bg5 {[%emt 0:00:19]} Qxe5 {[%emt 0:00:44]} 29. Bxd8 {[%emt 0:00:12]} Rxd8 {[%emt 0:00:25]} 30. d7 {[%emt 0:00:46]} c4 {[%emt 0:00:23]} 31. Qxc4 {[%emt 0:11:20]} Bc5 {[%emt 0:00:15]} 32. Qg4 {[%emt 0:03:05]} Rxd7 {[%emt 0:00:53]} 33. b4 {[%emt 0:00:11]} Rd4 {[%emt 0:00:56]} 34. Re2 {[%emt 0:02:46]} Rxg4 {[%emt 0:01:38]} 35. Rxe5 {[%emt 0:00:04]} Bxb4 {[%emt 0:00:41]} 36. Rxe6 {[%emt 0:00:27]} a5 {[%emt 0:00:24]} 37. Ra6 {[%emt 0:00:34]} h6 {[%emt 0:00:59]} 38. Kg2 {[%emt 0:00:30]} Rd4 {[%emt 0:00:27]} 39. Rc1 {[%emt 0:00:17]} Rd7 {[%emt 0:01:34]} 40. Rc8+ {[%emt 0:00:00]} Kf7 {[%emt 0:00:00]} 41. Rb8 {[%emt 0:01:17]} Bc3 {[%emt 0:02:28]} 42. Rc8 {[%emt 0:01:46]} Bb4 {[%emt 0:00:23]} 43. Kf3 {[%emt 0:00:17]} Re7 {[%emt 0:01:16]} 44. Kg4 {[%emt 0:06:07]} Rd7 {[%emt 0:01:50]} 45. Rb8 {[%emt 0:03:24]} Bc3 {[%emt 0:01:35]} 46. Rb3 {[%emt 0:00:13]} Rc7 {[%emt 0:01:26]} 47. f4 {[%emt 0:01:33]} Be1 {[%emt 0:00:31]} 48. Re3 {[%emt 0:01:04]} Bc3 {[%emt 0:00:53]} 49. Rd3 {[%emt 0:02:20]} Bb4 {[%emt 0:00:20]} 50. Rd5 {[%emt 0:00:56]} Rb7 {[%emt 0:03:04]} 51. Kh5 {[%emt 0:01:41]} Bc3 {[%emt 0:03:02]} 52. g4 {[%emt 0:00:45]} Bf6 {[%emt 0:06:47]} 53. Rdxa5 {[%emt 0:01:34]} Bc3 {[%emt 0:07:56]} 54. Ra7 {[%emt 0:00:59]} Bxa5 {[%emt 0:04:28]} 55. Rxb7+ {[%emt 0:00:09]} Kf8 {[%emt 0:00:28]} 56. Kg6 {[%emt 0:00:15]} Bc3 {[%emt 0:00:10]} 57. Rf7+ {[%emt 0:00:09]} Ke8 {[%emt 0:00:33]} 58. Rxg7 {[%emt 0:00:12]} 1-0

[Event "54th Rubinstein Memorial-A 2018"]
[Site "Polanica-Zdroj"]
[Date "2018.08.20"]
[Round "3"]
[White "Sanz Wawer, Daniel"]
[Black "DUDA, LUCAS"]
[Result "1-0"]
[WhiteElo "2180"]
[BlackElo "1874"]
[Annotator "NA"]
[PlyCount "51"]
[EventDate "2018.08.18"]
[EventType "swiss"]
[EventCountry "POL"]
[SourceTitle "playchess.com"]
[Source "ChessBase"]
[SourceQuality "1"]
[TimeControl "40/5400+30:1800+30"]

1. d4 {[%emt 0:00:46]} Nf6 {[%emt 0:00:00]} 2. c4 {[%emt 0:00:15]} e6 {[%emt 0:00:00]} 3. Nc3 {[%emt 0:00:07]} Bb4 {[%emt 0:00:00]} 4. Qc2 {[%emt 0:00:08]} Nc6 {[%emt 0:00:12]} 5. Nf3 {[%emt 0:00:46]} d6 {[%emt 0:00:48]} 6. a3 {[%emt 0:00:49]} Bxc3+ {[%emt 0:00:06]} 7. Qxc3 {[%emt 0:00:09]} Qe7 {[%emt 0:05:38]} 8. b4 {[%emt 0:05:40]} e5 {[%emt 0:01:22]} 9. dxe5 {[%emt 0:06:49]} Nxe5 {[%emt 0:04:03]} 10. Nxe5 {[%emt 0:00:43]} dxe5 {[%emt 0:01:24]} 11. Bb2 {[%emt 0:00:48]} e4 {[%emt 0:11:47]} 12. e3 {[%emt 0:04:21]} Bg4 {[%emt 0:12:05]} 13. h3 {[%emt 0:02:16]} Be6 {[%emt 0:02:21]} 14. g4 {[%emt 0:04:11]} Rg8 {[%emt 0:02:51]} 15. Be2 {[%emt 0:10:52]} Nd7 {[%emt 0:13:11]} 16. Qd4 {[%emt 0:06:59]} f5 {[%emt 0:03:53]} 17. gxf5 {[%emt 0:00:56]} Bxf5 {[%emt 0:00:43]} 18. Qd5 {[%emt 0:00:13]} Qe6 {[%emt 0:09:06]} 19. Qxb7 {[%emt 0:02:54]} Ke7 {[%emt 0:04:07]} 20. Qxc7 {[%emt 0:01:11]} a5 {[%emt 0:02:15]} 21. Rd1 {[%emt 0:05:07]} axb4 {[%emt 0:03:00]} 22. axb4 {[%emt 0:00:10]} Rgc8 {[%emt 0:07:38]} 23. Qg3 {[%emt 0:01:13]} g5 {[%emt 0:01:43]} 24. Qxg5+ {[%emt 0:00:51]} Ke8 {[%emt 0:03:07]} 25. Bh5+ {[%emt 0:00:36]} Bg6 {[%emt 0:00:39]} 26. Bg4 {[%emt 0:00:16]} 1-0

[Event "54th Rubinstein Memorial-A 2018"]
[Site "Polanica-Zdroj"]
[Date "2018.08.20"]
[Round "3"]
[White "Kozak, Antoni"]
[Black "Nurkiewicz, Maciej"]
[Result "0-1"]
[WhiteElo "2157"]
[BlackElo "2371"]
[Annotator "NA"]
[PlyCount "68"]
[EventDate "2018.08.18"]
[EventType "swiss"]
[EventCountry "POL"]
[SourceTitle "playchess.com"]
[Source "ChessBase"]
[SourceQuality "1"]
[TimeControl "40/5400+30:1800+30"]

1. d4 {[%emt 0:00:00]} d5 {[%emt 0:03:35]} 2. Bf4 {[%emt 0:00:03]} Nf6 {[%emt 0:02:17]} 3. e3 {[%emt 0:00:11]} e6 {[%emt 0:00:52]} 4. Nd2 {[%emt 0:01:47]} Bd6 {[%emt 0:00:57]} 5. Bg3 {[%emt 0:00:13]} c5 {[%emt 0:01:12]} 6. c3 {[%emt 0:00:10]} Nc6 {[%emt 0:00:30]} 7. f4 {[%emt 0:00:06]} Ne4 {[%emt 0:11:56]} 8. Ngf3 {[%emt 0:10:06]} f5 {[%emt 0:08:26]} 9. Ne5 {[%emt 0:18:13]} O-O {[%emt 0:03:54]} 10. Be2 {[%emt 0:03:21]} Qb6 {[%emt 0:16:19]} 11. Rb1 {[%emt 0:06:23]} a5 {[%emt 0:04:17]} 12. a4 {[%emt 0:06:53]} cxd4 {[%emt 0:06:33]} 13. exd4 {[%emt 0:03:32]} Nxe5 {[%emt 0:06:39]} 14. fxe5 {[%emt 0:01:33]} Be7 {[%emt 0:00:48]} 15. Bf4 {[%emt 0:04:31]} Bd7 {[%emt 0:02:42]} 16. Nxe4 {[%emt 0:03:06]} dxe4 {[%emt 0:05:29]} 17. Bc4 {[%emt 0:03:38]} Rac8 {[%emt 0:07:27]} 18. b3 {[%emt 0:08:58]} g5 {[%emt 0:00:33]} 19. Bd2 {[%emt 0:01:03]} f4 {[%emt 0:00:17]} 20. O-O {[%emt 0:08:39]} e3 {[%emt 0:00:08]} 21. Be1 {[%emt 0:00:04]} Rxc4 {[%emt 0:00:38]} 22. bxc4 {[%emt 0:02:16]} e2 23. Qd3 {[%emt 0:00:04]} exf1=Q+ {[%emt 0:00:23]} 24. Kxf1 Qc7 25. d5 {[%emt 0:00:38]} Qxe5 {[%emt 0:04:52]} 26. Rxb7 {[%emt 0:00:05]} Rd8 {[%emt 0:02:30]} 27. Bf2 {[%emt 0:00:06]} exd5 {[%emt 0:02:41]} 28. Qxd5+ {[%emt 0:01:57]} Qxd5 {[%emt 0:00:15]} 29. cxd5 {[%emt 0:00:04]} Bd6 {[%emt 0:02:57]} 30. Bb6 {[%emt 0:02:17]} Rb8 {[%emt 0:00:07]} 31. Rxb8+ {[%emt 0:01:18]} Bxb8 {[%emt 0:00:03]} 32. c4 {[%emt 0:00:13]} Bxa4 {[%emt 0:01:11]} 33. c5 {[%emt 0:00:12]} Bb5+ {[%emt 0:00:41]} 34. Ke1 {[%emt 0:00:05]} a4 {[%emt 0:00:33]} 0-1

[Event "54th Rubinstein Memorial-A 2018"]
[Site "Polanica-Zdroj"]
[Date "2018.08.20"]
[Round "3"]
[White "Klepek, Witold"]
[Black "Zak, Pawel"]
[Result "1-0"]
[WhiteElo "2139"]
[BlackElo "1721"]
[Annotator "NA"]
[PlyCount "85"]
[EventDate "2018.08.18"]
[EventType "swiss"]
[EventCountry "POL"]
[SourceTitle "playchess.com"]
[Source "ChessBase"]
[SourceQuality "1"]
[TimeControl "40/5400+30:1800+30"]

1. e4 {[%emt 0:00:00]} c5 {[%emt 0:00:00]} 2. Nf3 {[%emt 0:00:00]} Nc6 {[%emt 0:00:00]} 3. d4 {[%emt 0:00:00]} cxd4 {[%emt 0:00:05]} 4. Nxd4 {[%emt 0:00:06]} g6 {[%emt 0:00:50]} 5. c4 {[%emt 0:00:37]} Bg7 {[%emt 0:00:12]} 6. Nc2 {[%emt 0:00:06]} Nf6 {[%emt 0:00:58]} 7. Nc3 {[%emt 0:00:05]} d6 {[%emt 0:01:07]} 8. Be2 {[%emt 0:00:08]} O-O {[%emt 0:00:15]} 9. O-O {[%emt 0:00:11]} Be6 {[%emt 0:07:39]} 10. Bd2 {[%emt 0:04:02]} Rc8 {[%emt 0:06:04]} 11. Rc1 {[%emt 0:01:49]} Ne5 {[%emt 0:08:16]} 12. b3 {[%emt 0:01:30]} Ned7 {[%emt 0:13:42]} 13. Be3 {[%emt 0:09:26]} Nc5 {[%emt 0:02:22]} 14. f3 {[%emt 0:00:32]} a6 {[%emt 0:10:18]} 15. Qd2 {[%emt 0:02:21]} Bd7 {[%emt 0:05:37]} 16. Rfd1 {[%emt 0:03:55]} a5 {[%emt 0:07:11]} 17. Nd4 {[%emt 0:02:20]} Ne6 {[%emt 0:05:04]} 18. Ndb5 {[%emt 0:02:24]} Bc6 {[%emt 0:03:02]} 19. Qe1 {[%emt 0:08:39]} Qe8 {[%emt 0:07:56]} 20. Nd5 {[%emt 0:04:43]} Bxb5 {[%emt 0:07:40]} 21. cxb5 {[%emt 0:01:05]} Rxc1 {[%emt 0:00:58]} 22. Rxc1 {[%emt 0:00:07]} Nxd5 {[%emt 0:00:17]} 23. exd5 {[%emt 0:00:35]} Nd4 {[%emt 0:03:31]} 24. Bd3 {[%emt 0:01:02]} b6 {[%emt 0:01:27]} 25. Qf2 {[%emt 0:02:47]} Nxb5 {[%emt 0:04:15]} 26. Bxb6 {[%emt 0:00:17]} a4 {[%emt 0:01:38]} 27. bxa4 {[%emt 0:06:02]} Nc3 {[%emt 0:00:28]} 28. Bd4 {[%emt 0:00:20]} Nxd5 {[%emt 0:01:11]} 29. Bxg7 {[%emt 0:00:45]} Kxg7 {[%emt 0:00:01]} 30. Qd4+ {[%emt 0:00:09]} Nf6 {[%emt 0:00:05]} 31. a5 {[%emt 0:00:10]} Qd7 {[%emt 0:01:36]} 32. a6 {[%emt 0:00:32]} Ra8 {[%emt 0:00:59]} 33. Rb1 {[%emt 0:01:01]} e5 {[%emt 0:00:55]} 34. Qb6 {[%emt 0:00:42]} Ra7 {[%emt 0:00:25]} 35. a4 {[%emt 0:01:44]} Nd5 {[%emt 0:00:21]} 36. Qb5 {[%emt 0:01:16]} Nc3 {[%emt 0:01:03]} 37. Qxd7 {[%emt 0:00:21]} Rxd7 {[%emt 0:00:23]} 38. Rb7 {[%emt 0:00:05]} Rd8 {[%emt 0:00:11]} 39. Bb5 {[%emt 0:01:56]} Rc8 {[%emt 0:00:57]} 40. a7 {[%emt 0:00:00]} Ra8 {[%emt 0:00:00]} 41. Bc6 {[%emt 0:00:36]} Ne2+ {[%emt 0:01:19]} 42. Kf2 {[%emt 0:00:05]} Nd4 {[%emt 0:00:39]} 43. Bd5 {[%emt 0:00:04]} 1-0

[Event "54th Rubinstein Memorial-A 2018"]
[Site "Polanica-Zdroj"]
[Date "2018.08.20"]
[Round "3"]
[White "Goslawski, Michal"]
[Black "Manik, Mikulas"]
[Result "0-1"]
[WhiteElo "2110"]
[BlackElo "2408"]
[Annotator "NA"]
[PlyCount "100"]
[EventDate "2018.08.18"]
[EventType "swiss"]
[EventCountry "POL"]
[SourceTitle "playchess.com"]
[Source "ChessBase"]
[SourceQuality "1"]
[TimeControl "40/5400+30:1800+30"]

1. Nf3 {[%emt 0:00:00]} Nf6 {[%emt 0:00:00]} 2. c4 {[%emt 0:00:00]} g6 {[%emt 0:00:00]} 3. g3 {[%emt 0:00:00]} Bg7 {[%emt 0:00:00]} 4. Bg2 {[%emt 0:00:00]} O-O {[%emt 0:00:00]} 5. O-O {[%emt 0:00:00]} c6 {[%emt 0:00:18]} 6. b3 {[%emt 0:00:00]} Ne4 {[%emt 0:01:14]} 7. d4 $1 {[%emt 0:00:09]} d5 {[%emt 0:00:11]} 8. Bb2 {[%emt 0:01:48]} Bf5 {[%emt 0:00:42]} 9. Nc3 {[%emt 0:08:00]} Nxc3 {[%emt 0:01:06]} 10. Bxc3 {[%emt 0:00:06]} Be4 {[%emt 0:00:06]} 11. Rc1 {[%emt 0:04:25]} a5 {[%emt 0:03:43]} 12. e3 {[%emt 0:09:44] LiveBook: 11 Games} Nd7 {[%emt 0:04:06]} 13. Qe2 {[%emt 0:05:00]} Nf6 {[%emt 0:05:21]} 14. Rfd1 {[%emt 0:13:16]} e6 $11 {[%emt 0:00:11]} 15. Bf1 {[%emt 0:03:10]} Bxf3 {[%emt 0:01:57]} 16. Qxf3 {[%emt 0:00:06]} Ne4 {[%emt 0:00:08]} 17. Be1 {[%emt 0:04:55]} f5 {[%emt 0:00:08]} 18. Bd3 {[%emt 0:04:43]} Qe7 {[%emt 0:04:54]} 19. Qe2 {[%emt 0:02:13]} h5 {[%emt 0:02:27]} 20. f3 {[%emt 0:03:52]} Nf6 {[%emt 0:00:18]} 21. h4 {[%emt 0:02:32]} e5 {[%emt 0:08:16]} 22. dxe5 {[%emt 0:00:11]} Qxe5 {[%emt 0:00:12]} 23. Kg2 {[%emt 0:05:47]} Rfe8 {[%emt 0:03:20]} 24. Bc3 {[%emt 0:00:06]} Qxe3 {[%emt 0:12:40]} 25. Qxe3 {[%emt 0:00:05]} Rxe3 {[%emt 0:00:08]} 26. Bd4 {[%emt 0:01:55]} Re7 {[%emt 0:01:11]} 27. cxd5 {[%emt 0:05:30]} Nxd5 {[%emt 0:02:41]} 28. Bc4 {[%emt 0:00:06]} Rd7 {[%emt 0:00:39]} 29. Bxd5+ {[%emt 0:07:17]} cxd5 {[%emt 0:00:12]} 30. Rc5 {[%emt 0:00:47]} Bf8 {[%emt 0:03:38]} 31. Rb5 {[%emt 0:02:09]} a4 {[%emt 0:00:23]} 32. Be5 {[%emt 0:07:26]} axb3 {[%emt 0:00:34]} 33. axb3 {[%emt 0:00:05]} Ra3 {[%emt 0:03:59]} 34. Rd3 {[%emt 0:10:10]} Bg7 {[%emt 0:00:26]} 35. f4 {[%emt 0:00:44]} Kf7 {[%emt 0:01:43]} 36. Rb6 {[%emt 0:00:39]} Ra6 {[%emt 0:00:20]} 37. Rxa6 {[%emt 0:00:23]} bxa6 {[%emt 0:00:01]} 38. Bxg7 {[%emt 0:00:48]} Kxg7 {[%emt 0:00:06]} 39. Rd4 {[%emt 0:00:15]} Rd6 {[%emt 0:00:40]} 40. Kf3 {[%emt 0:00:00]} Rb6 {[%emt 0:00:00]} 41. Rxd5 {[%emt 0:04:55]} Rxb3+ {[%emt 0:01:23]} 42. Kf2 {[%emt 0:00:07]} Rb7 {[%emt 0:01:05]} 43. Ke3 {[%emt 0:00:39]} Ra7 {[%emt 0:01:12]} 44. Ra5 {[%emt 0:00:11]} Kf7 {[%emt 0:04:36]} 45. Kd4 {[%emt 0:03:41]} Ke6 {[%emt 0:01:21]} 46. Kc5 {[%emt 0:01:50]} Rc7+ {[%emt 0:00:11]} 47. Kb6 {[%emt 0:11:27]} Rc3 {[%emt 0:00:49]} 48. Rxa6 {[%emt 0:00:10]} Kf7 {[%emt 0:01:48]} 49. Ra7+ {[%emt 0:00:47]} Kf6 {[%emt 0:00:25]} 50. Ra6 {[%emt 0:00:28]} Kg7 0-1

[Event "54th Rubinstein Memorial-A 2018"]
[Site "Polanica-Zdroj"]
[Date "2018.08.20"]
[Round "3"]
[White "Bielinski, Dariusz"]
[Black "Cherepov, Alexej"]
[Result "0-1"]
[WhiteElo "2100"]
[BlackElo "2245"]
[Annotator "NA"]
[PlyCount "62"]
[EventDate "2018.08.18"]
[EventType "swiss"]
[EventCountry "POL"]
[SourceTitle "playchess.com"]
[Source "ChessBase"]
[SourceQuality "1"]
[TimeControl "40/5400+30:1800+30"]

1. Nf3 {[%emt 0:00:00]} Nf6 {[%emt 0:00:00]} 2. c4 {[%emt 0:00:00]} c5 {[%emt 0:00:08]} 3. Nc3 {[%emt 0:00:00]} d5 {[%emt 0:01:47]} 4. cxd5 {[%emt 0:00:00]} Nxd5 {[%emt 0:00:02]} 5. e3 {[%emt 0:00:04]} Nc6 {[%emt 0:01:44]} 6. d4 {[%emt 0:04:23]} e6 {[%emt 0:01:35]} 7. Bc4 {[%emt 0:00:30]} cxd4 {[%emt 0:04:56]} 8. exd4 {[%emt 0:00:15]} Nxc3 {[%emt 0:00:46]} 9. bxc3 {[%emt 0:00:09]} Be7 {[%emt 0:00:02]} 10. O-O {[%emt 0:00:10]} O-O {[%emt 0:00:08]} 11. Qe2 {[%emt 0:03:07]} b6 {[%emt 0:11:56]} 12. h4 {[%emt 0:11:13]} Na5 {[%emt 0:06:42]} 13. Bd3 {[%emt 0:00:30]} Bb7 {[%emt 0:00:06]} 14. h5 {[%emt 0:13:26]} Rc8 {[%emt 0:03:33]} 15. h6 {[%emt 0:01:15]} g6 {[%emt 0:00:05]} 16. Bd2 {[%emt 0:26:56]} Qd5 {[%emt 0:02:16]} 17. Rfb1 {[%emt 0:16:26]} Nc4 {[%emt 0:02:44]} 18. Bxc4 {[%emt 0:00:32]} Rxc4 {[%emt 0:00:39]} 19. a4 {[%emt 0:01:22]} Bc6 {[%emt 0:09:34]} 20. a5 {[%emt 0:01:21]} b5 {[%emt 0:02:42]} 21. Qe5 {[%emt 0:06:44]} f6 {[%emt 0:00:09]} 22. Qxd5 {[%emt 0:00:22]} exd5 {[%emt 0:00:04]} 23. a6 {[%emt 0:02:43]} Bd7 {[%emt 0:03:36]} 24. Nh2 {[%emt 0:03:04]} Rcc8 {[%emt 0:05:16]} 25. Rb3 {[%emt 0:01:32]} Bd6 {[%emt 0:00:33]} 26. Nf1 {[%emt 0:00:20]} Rfe8 {[%emt 0:01:50]} 27. Bc1 {[%emt 0:03:34]} Re1 {[%emt 0:01:27]} 28. Bb2 {[%emt 0:00:17]} Rce8 {[%emt 0:00:12]} 29. Rxe1 {[%emt 0:00:42]} Rxe1 {[%emt 0:00:02]} 30. Ba3 {[%emt 0:00:16]} Bxa3 {[%emt 0:01:52]} 31. Rxa3 {[%emt 0:00:02]} Bf5 {[%emt 0:00:28]} 0-1

[Event "54th Rubinstein Memorial-A 2018"]
[Site "Polanica-Zdroj"]
[Date "2018.08.20"]
[Round "3"]
[White "Adamczewski, Maciej"]
[Black "Djuric, Stefan"]
[Result "0-1"]
[WhiteElo "2061"]
[BlackElo "2352"]
[Annotator "NA"]
[PlyCount "74"]
[EventDate "2018.08.18"]
[EventType "swiss"]
[EventCountry "POL"]
[SourceTitle "playchess.com"]
[Source "ChessBase"]
[SourceQuality "1"]
[TimeControl "40/5400+30:1800+30"]

1. Nf3 {[%emt 0:02:21]} g6 {[%emt 0:10:34]} 2. g3 {[%emt 0:00:13]} Bg7 {[%emt 0:00:17]} 3. Bg2 {[%emt 0:00:16]} d5 {[%emt 0:01:29]} 4. O-O {[%emt 0:00:47]} e5 {[%emt 0:03:09]} 5. c4 {[%emt 0:05:21]} dxc4 {[%emt 0:03:02]} 6. Na3 {[%emt 0:01:57]} Nc6 {[%emt 0:05:31]} 7. Nxc4 {[%emt 0:00:33]} Nge7 {[%emt 0:20:22]} 8. d3 {[%emt 0:03:11]} O-O {[%emt 0:00:16]} 9. Be3 {[%emt 0:02:05]} a5 {[%emt 0:07:39]} 10. Rc1 {[%emt 0:06:42]} Nf5 {[%emt 0:05:14]} 11. Bc5 {[%emt 0:07:52]} Re8 {[%emt 0:00:23]} 12. Ne3 {[%emt 0:13:05]} Nfd4 {[%emt 0:07:26]} 13. b3 {[%emt 0:08:01]} Nb4 {[%emt 0:03:50]} 14. Bxb4 {[%emt 0:15:24]} axb4 {[%emt 0:00:24]} 15. Nxd4 {[%emt 0:00:12]} exd4 {[%emt 0:00:13]} 16. Nd5 {[%emt 0:01:13]} Rxa2 {[%emt 0:07:29]} 17. Rxc7 {[%emt 0:06:04]} Bg4 {[%emt 0:03:30]} 18. Qc1 {[%emt 0:00:54]} Ra5 {[%emt 0:06:49]} 19. Nf4 {[%emt 0:07:09]} g5 {[%emt 0:01:32]} 20. Qc4 {[%emt 0:00:45]} Rf8 {[%emt 0:01:27]} 21. h3 {[%emt 0:04:25]} Bd7 {[%emt 0:01:08]} 22. Nh5 {[%emt 0:02:02]} Be6 {[%emt 0:04:10]} 23. Qc1 {[%emt 0:03:28]} Be5 {[%emt 0:02:10]} 24. Rc5 {[%emt 0:03:43]} b6 {[%emt 0:01:15]} 25. Rxa5 {[%emt 0:00:46]} bxa5 {[%emt 0:00:11]} 26. Qc5 {[%emt 0:01:00]} Qc7 {[%emt 0:00:55]} 27. Rc1 {[%emt 0:02:00]} Qxc5 {[%emt 0:01:29]} 28. Rxc5 {[%emt 0:00:04]} Bd6 {[%emt 0:00:11]} 29. Rxg5+ {[%emt 0:00:52]} Kh8 {[%emt 0:00:12]} 30. Rxa5 {[%emt 0:00:35]} Bxb3 {[%emt 0:00:11]} 31. Be4 {[%emt 0:00:47]} Be6 {[%emt 0:00:40]} 32. Rb5 {[%emt 0:00:29]} Rb8 {[%emt 0:00:21]} 33. Rg5 {[%emt 0:01:14]} b3 {[%emt 0:01:03]} 34. Rg7 {[%emt 0:00:52]} Be5 {[%emt 0:00:11]} 35. Rxh7+ {[%emt 0:00:26]} Kg8 {[%emt 0:00:11]} 36. Rh6 {[%emt 0:00:38]} b2 {[%emt 0:00:00]} 37. Bh7+ Kf8 0-1